| 000 | 00920nas a2200301 4500 | ||
|---|---|---|---|
| 001 | BR2012003543 | ||
| 003 | BR-BrBNA | ||
| 005 | 20231205120546.0 | ||
| 007 | ta | ||
| 008 | 230509b bl.|||p| |||| 00| 00por d | ||
| 040 |
_aBR-BrBNA _bpor _cBiblioteca Nacional de Agricultura |
||
| 041 | _a(Pt) | ||
| 072 | _aT10; E12 | ||
| 100 | 1 | _aCarvalho, C. da C.S. | |
| 100 | 1 | _aSouza, C. de F. | |
| 100 | 1 | _aTinôco, I. de F.F. | |
| 100 | 1 | _aVieira, M. de F.A. | |
| 100 | 1 | _aMinette, L.J. | |
| 245 | 1 | _aAnálise postural e biomecânica de trabalhadores em abatedouro de frangos de corte | |
| 650 | _aABATEDOURO | ||
| 650 | _aAVICULTURA | ||
| 650 | _aERGONOMIA | ||
| 650 | _aTRABALHADOR RURAL | ||
| 650 | _aFRANGO DE CORTE | ||
| 773 | 0 |
_tEngenharia na Agricultura (Brazil) _xISSN 1414-3984 _g(Nov-Dec 2011), v. 19(6) p. 524-535 _wBR2012003543 |
|
| 909 |
_a202311 _bLúcia _c55 _dLúcia Elande |
||
| 942 |
_2AGRIS _n0 _cANA |
||
| 999 |
_c219128 _d219128 |
||